000 01143nam0a22002891 4500
001 v19\rc\1407094
005 20250618102828.0
035 _a(NLR Aleph) 004536407
090 _a1943186
_c1943186
100 _a20060512d1876 |||y0rusy50 ca
101 1 _arus
_cfre
102 _aRU
105 _aa z |||||
200 1 _aЗадачи из общего курса физики Политехнической школы в Париже
_f[Соч.] Ж. Жамена, чл. Акад., проф. Политехн. шк. и Ун-та в Париже
_gПер. [и предисл.] Н. Гутковского
210 _aСанкт-Петербург
_aМосква
_cМ.О. Вольф
_d1876
_eСанкт-Петербург
215 _a[4], II, 34 с.
_cчерт.
_d21
700 1 _aЖамен
_bЖ.С.
_f1818-1886
_gЖюль Селестен
702 1 _aГутковский
_bН.К.
_4730
_4080
801 0 _aRU
_bNLR
_gpsbo
801 0 _aRU
_bRuMoRGB
_2psbo
801 1 _aRU
_bProSoft-M
_2rusmarc
852 _aNLR
_j18.114.8.315
899 _aRuMoRGB
_jE 52/172
899 _aRuMoRGB
_jU 408/181
899 _aНБ МГУ
942 _cBOOK
980 _aNB